书目信息 |
| 题名: |
雾和霾
|
|
| 作者: | 吴兑 , 吴晓京 , 朱晓祥 著 | |
| 分册: | ||
| 出版信息: | 北京 气象出版社 2009.03 |
|
| 页数: | 198页 | |
| 开本: | 24cm | |
| 丛书名: | 气象灾害丛书 | |
| 单 册: | ||
| 中图分类: | P426.4 | |
| 科图分类: | ||
| 主题词: | 雾--wu--基本知识 , 霾--mai--基本知识 | |
| 电子资源: | ||
| ISBN: | 978-7-5029-4669-2 | |
| 000 | 00997nam 2200301 450 | |
| 001 | 012009691711 | |
| 005 | 20090921102852.37 | |
| 010 | @a978-7-5029-4669-2@dCNY30.00 | |
| 100 | @a20090921d2009 em y0chiy0120 ea | |
| 101 | 0 | @achi |
| 102 | @aCN@b110000 | |
| 105 | @aak a 000yy | |
| 106 | @ar | |
| 200 | 1 | @a雾和霾@Awu he mai@f吴兑, 吴晓京, 朱晓祥著@Fwu dui,wu xiao jing,zhu xiao xiang zhu |
| 210 | @a北京@c气象出版社@d2009.03 | |
| 215 | @a198页@c图@d24cm | |
| 225 | 2 | @a气象灾害丛书@Aqi xiang zai hai cong shu |
| 320 | @a有书目 (第195-198页) | |
| 330 | @a本书介绍了影响视程障碍的低能见度天气现象雾和霾,其中重点介绍了雾和霾的物理特征、化学特征,以及它们的成因及其识别要点。 | |
| 410 | 0 | @12001 @a气象灾害丛书 |
| 606 | 0 | @a雾@Awu@x基本知识 |
| 606 | 0 | @a霾@Amai@x基本知识 |
| 690 | @aP426.4@v4 | |
| 701 | 0 | @a吴兑@Awu dui@4著 |
| 701 | 0 | @a吴晓京@Awu xiao jing@4著 |
| 701 | 0 | @a朱晓祥@Azhu xiao xiang@4著 |
| 801 | 0 | @aCN@bQSSK@c20090921 |
| 905 | @b757841-43@dP426.4@eW763@f3 | |
| 雾和霾/吴兑, 吴晓京, 朱晓祥著.-北京:气象出版社,2009.03 |
| 198页:图;24cm.-(气象灾害丛书) |
| ISBN 978-7-5029-4669-2:CNY30.00 |
| 本书介绍了影响视程障碍的低能见度天气现象雾和霾,其中重点介绍了雾和霾的物理特征、化学特征,以及它们的成因及其识别要点。 |
| ● |
| 相关链接 |
|
|
|
正题名:雾和霾
索取号:P426.4/W763
 
预约/预借
| 序号 | 登录号 | 条形码 | 馆藏地/架位号 | 状态 | 备注 |
| 1 | 757841 | 207578414 | 自科库401/401自科库 128排1列1层/ [索取号:P426.4/W763] | 在馆 | |
| 2 | 757842 | 207578423 | 期刊室512/401自科库 122排1列2层/ [索取号:P426.4/W763] | 在馆 | |
| 3 | 757843 | 207578432 | 期刊室512/401自科库 122排1列2层/ [索取号:P426.4/W763] | 在馆 |